| 000 | 00828cam a22002653a 4500 | ||
|---|---|---|---|
| 001 | 30084 | ||
| 003 | PGUSA | ||
| 005 | 20140828083641.0 | ||
| 008 | 090925s2009||||xxu|||||s|||||000 | eng d | ||
| 040 |
_aPGUSA _beng |
||
| 042 | _adc | ||
| 050 | 4 | _aPT | |
| 100 | 1 |
_aAsbjørnsen, Peter Christen, _d1812-1885 |
|
| 245 | 1 | 0 |
_aNorwegische Volksmährchen vol. 2 : _bgesammelt von P. Asbjörnsen und Jörgen Moe _h[electronic resource] / _cPeter Christen Asbjørnsen |
| 260 |
_bProject Gutenberg, _c2009 |
||
| 506 | _aPublic domain in the USA. | ||
| 516 | _aElectronic text | ||
| 653 | _aTales -- Norway | ||
| 653 | _aFairy tales | ||
| 700 | 1 |
_aBresemann, Friederich, _d1809-1850 |
|
| 700 | 1 |
_aTieck, Ludwig, _d1773-1853 |
|
| 830 | 0 |
_aProject Gutenberg _v30084 |
|
| 856 | 4 | 0 | _uhttp://www.gutenberg.org/ebooks/30084 |
| 942 | _cEB | ||
| 999 |
_c259339 _d259339 |
||